Genio y figura de ricardo guiraldes /

Guardado en:
Autor Principal: Bordelois, Ivonne
Formato: Libro
Publicado: Buenos Aires : Eudeba, 1967
Materias:
Etiquetas: Agregar Etiqueta
Sin Etiquetas, Sea el primero en etiquetar este registro!
LEADER 00471nam a22001695a 4500
001 CEM.cems001133
005 20060213000000.0
008 130507s1967##################000#0#####d
003 CEMS
082 0 4 |a 928 
100 1 |a Bordelois, Ivonne 
245 1 0 |a Genio y figura de ricardo guiraldes / 
260 |a Buenos Aires :  |b Eudeba,  |c 1967 
300 |a 191 p. 
653 |a Biografias 
653 |a Guiraldes ricardo-biograf. 
859 |a CEMS  |b BIB. CEMS - 11 de abril  |h 928  |i G94b  |p 3106.74  |t Ej.1